000 00904nam a2200277 a 4500
001 BRL_206
005 20190320210632.0
008 860214s1982 mx-a#####b---f000-0#spa-#
020 _a9688006408
040 _aDLC
_cDLC
_dDLC
041 _aspa
044 _amx
050 4 _aTX809.M2
_b.R43 1982
245 1 0 _aRecetario mexicano del maíz
_bProyecto : El maíz, fundamento de la cultura popular mexicana
_ccoordinación, María Esther Echeverría y Luz Elena Arroyo.
260 _aMéxico
_bMuseo de Culturas Populares/SEP
_c1982
300 _a246 p.
_bil.
_c22 cm.
500 _aAu245
504 _aBibliografía: p. [245]-246
650 1 4 _aCocina (Maíz)
_923220
650 1 4 _aCocina mexicana
_923221
700 1 _aEcheverría, María Esther
_923222
700 1 _aArroyo, Luz Elena
_923223
710 2 _aMuseo Nacional de Culturas Populares (México)
_923224
902 _aGRL
942 _2lcc
_cB
999 _c9019
_d9019